Statistiques concernant Lieux d'action de films

Cliquez ici pour prendre le quiz!

Statistiques générales

  • Ce quiz a été pris 121 fois
  • Le résultat moyen est 17 sur 26

Statistiques - réponses

FilmPays% Correct
StalingradRussie
94%
Million Dollar BabyEtats-Unis
93%
CléopâtreEgypte
92%
Mémoires d'une geishaJapon
88%
Good Bye LeninAllemagne
87%
TakenFrance
87%
CasablancaMaroc
87%
Le Dernier EmpereurChine
86%
Slumdog millionaireInde
85%
Le PianistePologne
78%
AmadeusAutriche
76%
CheCuba
75%
La Cité de DieuBrésil
72%
Les hommes qui n'aimaient pas les femmes (Millénium)Suède
68%
Les amours imaginairesCanada
65%
Mamma Mia!Grèce
63%
District 9Afrique du sud
57%
Le vent se lèveIrlande
57%
Midnight ExpressTurquie
54%
ArgoIran
52%
Va, vis et deviensIsraël
31%
Black BookPays-Bas
31%
Black Hawk DownSomalie
31%
Le dernier roi d'EcosseOuganda
23%
Blood DiamondSierra Leone
20%
Les InsurgésBelarus
15%

Distribution des résultats

Percentile par nombre de réponses

% des personnes avec chaque résultat

Votre développement - résultats

Vous n’avez pas pris ce quiz